चिंता छोड़े;शांति प्राप्त करने के 48 सबक/ (Record no. 201857)

MARC details
000 -LEADER
fixed length control field 00907nam a22002177a 4500
005 - DATE AND TIME OF LATEST TRANSACTION
control field 20240401161701.0
010 ## - LCCN (DPL NO)
LC control number HIN-127179
020 ## - INTERNATIONAL STANDARD BOOK NUMBER
International Standard Book Number 9789355434173
Terms of availability 450.00
035 ## - SYSTEM CONTROL NUMBER
System control number HN-99525
037 ## - SOURCE OF ACQUISITION
Source of stock number/acquisition DBAD/PUB.
082 ## - DEWEY DECIMAL CLASSIFICATION NUMBER
Classification number 158.1
100 ## - MAIN ENTRY--PERSONAL NAME
Personal name शुनम्यो मसुनो
245 ## - TITLE STATEMENT
Title चिंता छोड़े;शांति प्राप्त करने के 48 सबक/
Statement of responsibility, etc शुनम्यो मसुनो;रचना भोला द्वारा अनुवादित
250 ## - EDITION STATEMENT
Edition statement 1
260 ## - PUBLICATION, DISTRIBUTION, ETC. (IMPRINT)
Place of publication, distribution, etc Bhopal
Name of publisher, distributor, etc Manjul publishing house
Date of publication, distribution, etc 2022
270 ## - ADDRESS
Address 2nd floor usha preet complex 42 malviya nagar
City Bhopal
Postal code 462003
300 ## - PHYSICAL DESCRIPTION
Extent 200पृ;
Dimensions 19 सेमी (सजिल्द)
700 ## - ADDED ENTRY--PERSONAL NAME
9 (RLIN) 63915
710 ## - ADDED ENTRY--CORPORATE NAME
Corporate name or jurisdiction name as entry element रचना भोला [अनुवादक]
9 (RLIN) 64107
942 ## - ADDED ENTRY ELEMENTS (KOHA)
Institution code [OBSOLETE] dpl
Item type Hindi Books
Source of classification or shelving scheme Dewey Decimal Classification
Classification part 158.1
Call number suffix शुनम्यो
Holdings
Withdrawn status Lost status Not for loan Collection code Home library Current library Date acquired Source of acquisition Cost, normal purchase price Full call number Barcode Copy number Cost, replacement price Koha item type
      Non-fiction Bawana Bawana 01/04/2024 DBAD/PUB 450.00 158.1 शुनम्यो HN-99525 1 450.00 Hindi Books

© Delhi Public Library
Hit Counter
free hit counter